O livro dos porquês (Record no. 43295)

MARC details
000 -Etiqueta do registo
Valores 00429nam a2200157 4500
100 ## - Dados gerais de processamento
Dados gerais 20240624 pory50
101 ## - Língua de publicação
Língua por
102 ## - País de publicação
País PT
200 ## - Titulo e menção de responsabilidade
Título próprio O livro dos porquês
Informação de outro título 75 perguntas fascinantes sobre a Natureza
Primeira menção de responsabilidade dir. ed. Jean-michel d ' Oultremont
210 ## - Publicação
Local de publicação [S.l.]
Nome do editor Alêtheia
-- dist. Pingo Doce
Data de publicação [S.d.]
215 ## - Descrição física 
Paginação / Volumes 61 p.
Outras indicações físicas il.
675 ## - CDU
Notação 502
801 ## - Fonte de origem
País PT
Regras de catalogação RPC
990 ## - Elementos KOHA
Tipo de documento Livro
Holdings
Aquisição Empréstimo Código de barras Cota Permissão de empréstimo Tipo de documento
Biblioteca do Centro Escolar de Redondo Biblioteca do Centro Escolar de Redondo 80148 502 KAP NATUREZA   Livro

Powered by Koha